000 00878nam a22002177a 4500
005 20111108104635.0
010 _aG-001601
020 _c195.00
_a9788189107703
035 1 d _aG-001601
037 _bGift
082 _a640.33
100 _aDelonzor, Diana
_935752
245 _aNever be late again:
_cby Diana Delonzor
_b7 cures for the punctually challenged /
260 _aBhopal
_bIndra Publishing Hosue
_c2009
270 _aE-5/21, Arera Colony, Habibganj Police Station Road,
_bBhopal
_e462016
300 _axiii, 177p.
_c25cm(pbk)
500 _aIncludes bibliographical referencess and index
942 _2ddc
_cEN
_mDEL
_h640.33
999 _c58189
_d58189